|
|
|
|
| LEADER |
00957nam a2200241 a 4500 |
| 001 |
12733685 |
| 008 |
100513r20072001njua b 001 0 eng d |
| 010 |
|
|
|a 2002279536
|
| 040 |
|
|
|a IVJ
|c IVJ
|d MIA
|d DLC
|
| 020 |
|
|
|a 9788120323797
|
| 020 |
|
|
|a 0130613096
|
| 082 |
0 |
0 |
|a 629.8/92
|2 21
|
| 100 |
1 |
|
|a Niku, Saeed B.
|q (Saeed Benjamin)
|
| 245 |
1 |
3 |
|a An introduction to robotics analysis, systems, applications /
|c Saeed B. Niku.
|
| 246 |
3 |
0 |
|a Robotics analysis, systems, applications
|
| 260 |
|
|
|a Upper Saddle River, N.J. ;
|a New Delhi :
|b Prentice Hall,
|c c2001.[Reprinted 2007]
|
| 300 |
|
|
|a xiv, 349 p. :
|b ill. ;
|c 24 cm.
|
| 504 |
|
|
|a Includes bibliographical references and index.
|
| 541 |
1 |
|
|e 00017879
|
| 650 |
|
0 |
|a Robotics.
|
| 852 |
4 |
|
|a Ayesha Abed Library
|j General shelf
|
| 999 |
|
|
|c 8542
|d 8542
|
| 952 |
|
|
|0 0
|1 0
|2 ddc
|4 0
|6 629_892000000000000_NIK
|7 0
|9 10123
|a BRACUL
|b BRACUL
|c GEN
|d 2010-05-13
|l 18
|m 96
|o 629.892 NIK
|p 3010017879
|r 2025-09-07
|s 2024-10-27
|t 1
|w 2010-05-13
|y BK
|